• 首页
  • 本馆介绍
  • 公告通知
  • 最新文献
  • 馆藏检索
  • 电子资源
  • 读者导购
  • 参考咨询
  • 我的图书馆
  • 登录
  • 详细信息显示
  • 放入我的书架
  • 预约/预借图书
  • 作者相关作品
  • 分类相关作品
  • 丛书相关作品
  • 出版社相关作品

书目信息

  • 表格格式
  • 工作单格式
  • 卡片格式
题名:
她们……:女性的镜像与觉知
    
 
作者: 张文灿 著
分册:  
出版信息: 北京   企业管理出版社  2017.11
页数: 287页
开本: 21cm
丛书名:
单 册:
中图分类: C913.68
科图分类:
主题词: 妇女人类学--研究
电子资源:
ISBN: 978-7-5164-1599-3
000 01215nam0 2200241 450
001 1139
005 20180927135822.53
010    @a978-7-5164-1599-3@dCNY38.00
100    @a20180412d2017 em y0chiy50 ea
101 0  @achi
102    @aCN@b110000
105    @ay z 000yy
200 1  @a她们……:女性的镜像与觉知@Ata men……:nu xing de jing xiang yu jue zhi@9ta men......nu xing de jing xiang yu jue zhi@f张文灿著
210    @a北京@c企业管理出版社@d2017.11
215    @a287页@d21cm
300    @a北京高校中国特色社会主义理论研究协同创新中心(中国政法大学)阶段性成果
314    @a张文灿,女,祖籍河南太康,出生于新疆奎屯。毕业于中国人民大学,获法学博士学位。现任教于中国政法大学,出版学术著作《新疆经济发展与民族区域自治:马克思主义民族理论的中国创新》、《解放的限界——中国共产党的妇女运动(1921-1949)》。
330    @a本书从百年来中西方知名女性的经历和命运,作者作为一个普通女性的人生感悟,以及书籍和电影中的女性形象三个方面,分析近现代以来女性的生存问题,有故事、有思考、有启发,无论你是男性或女性,都能从这些故事、思考和启发当中有所收获,让自己的人生更丰盈。
606 0  @a妇女人类学@x研究
690    @aC913.68@v5
701  0 @a张文灿@9zhang wen can@4著
801  0 @aCN@b91MARC@c20180412
905    @aMuseLib@dC913.68@e1515
    
    她们……:女性的镜像与觉知/张文灿著.-北京:企业管理出版社,2017.11
    287页;21cm
    北京高校中国特色社会主义理论研究协同创新中心(中国政法大学)阶段性成果
    
    ISBN 978-7-5164-1599-3:CNY38.00
    本书从百年来中西方知名女性的经历和命运,作者作为一个普通女性的人生感悟,以及书籍和电影中的女性形象三个方面,分析近现代以来女性的生存问题,有故事、有思考、有启发,无论你是男性或女性,都能从这些故事、思考和启发当中有所收获,让自己的人生更丰盈。
●
相关链接 在E读中查询图书 在五车中查询图书 在当当中查询图书 在豆瓣中查询图书


正题名:她们……:女性的镜像与觉知     索取号:C913.68/1515         预约/预借

序号 登录号 条形码 馆藏地/架位号 状态 备注
1 1121354   211213541   第一样本阅览室/ [索取号:C913.68/1515] 在馆    
2 1121355   211213550   第一借阅区/ [索取号:C913.68/1515] 在馆    
3 1121356   211213569   第一借阅区/ [索取号:C913.68/1515] 在馆    
4 1121357   211213578   第一借阅区/ [索取号:C913.68/1515] 在馆    
5 1121358   211213587   第一借阅区/ [索取号:C913.68/1515] 在馆    
唐山师范学院图书馆 欢迎您!
大连网信软件有限公司© 版权所有